A short History of the English Novel (Record no. 300276)

MARC details
000 -LEADER
fixed length control field 00303pam a2200121a 44500
008 - FIXED-LENGTH DATA ELEMENTS--GENERAL INFORMATION
fixed length control field 230405s2002 xxu||||| |||| 00| 0 eng d
041 ## - LANGUAGE CODE
Language code of text/sound track or separate title ENG
100 ## - MAIN ENTRY--PERSONAL NAME
Personal name Diana Neill
245 ## - TITLE STATEMENT
Title A short History of the English Novel
260 ## - PUBLICATION, DISTRIBUTION, ETC.
Place of publication, distribution, etc. Ludhiana
Name of publisher, distributor, etc. Kalyani Publishers
Date of publication, distribution, etc. 2002
300 ## - PHYSICAL DESCRIPTION
Extent 456
906 ## - LOCAL DATA ELEMENT F, LDF (RLIN)
a 9777
Holdings
Withdrawn status Lost status Damaged status Not for loan Collection Home library Current library Shelving location Date acquired Source of acquisition Cost, normal purchase price Total Checkouts Barcode Date last seen Price effective from Koha item type
          Matoshri Bayabai Shripatrao Kadam Kanya Mahavidyalaya, Kadegaon, Sangli Matoshri Bayabai Shripatrao Kadam Kanya Mahavidyalaya, Kadegaon, Sangli   21/03/2011 रत्नाकर बुक स्टॉल 85.00   KVK-XTH00203 18/04/2023 18/04/2023 Book